01330nam a2200313 i 450000500170000000700030001700800410002002000180006104000350007904100080011408400110012210000480013324501310018126400440031230000400035633600270039633700330042333800280045649000470048452100630053154500750059460000530066965000510072265000510077365000400082465000690086465100500093370000330098320220317002028.0ta201110r20172018ck a br 000 jdspa d a9789580007036 aCO-BoRNBPbspacCO-BoRNBPerda0 aspa aC GAR31 aGarcía Domínguez, Ramónd1943-eautor13aEl huevo de Colónbdiario de a bordo del grumete García cRamón García Domínguez ; ilustraciones de Jesús Redondo  1aBogotábEducactivabNormac2017c2018 a166 páginasbilustracionesc20 cm 2rdacontentatextobtxt 2rdamediaasin mediaciónbn 2rdacarrieravolumenbnc0 aColección Torre de PapelaTorre amarilla aRecomendado para un público infantil mayor de 9 años  aIncluye datos biográficos del autor e ilustrador en la contraportada14aColón, Cristóbald1451-1506xViajesvCuentos17aCuentos infantiles españolesySiglo XX2LEMB17aLiteratura infantil españolaySiglo XX2LEMB17aAutores españolesySiglo XX2LEMB17aExploradoresxDescubrimientos y viajeszAméricavCuentos2LEMB14aAmérica xDescubrimientos y viajesvCuentos1 aRedondo, Jesúseilustrador